Welcome to the Holygrace Academy Library

Please use search bar below to get started

THE CASUAL VACANCY (Record no. 3851)

MARC details
000 -LEADER
fixed length control field 00578nam a22001457a 4500
020 ## - INTERNATIONAL STANDARD BOOK NUMBER
ISBN 978-1-4087-0420-2
082 ## - DEWEY DECIMAL CLASSIFICATION NUMBER
Classification number 823
Item number ROW/C
100 ## - MAIN ENTRY--AUTHOR NAME
Personal name ROWLING, J K
245 ## - TITLE STATEMENT
Title THE CASUAL VACANCY
260 ## - PUBLICATION, DISTRIBUTION, ETC. (IMPRINT)
Place of publication GREAT BRITAIN
Name of publisher LITTLE BROWN
Year of publication 2012
300 ## - PHYSICAL DESCRIPTION
Number of Pages 503
520 ## - SUMMARY, ETC.
Summary, etc The novel is set in a suburban West Country town called Pagford and begins with the death of beloved parish councillor Barry Fairbrother. Consequently, a seat on the council is vacant and a conflict ensues before the election for his successor takes place.
650 ## - SUBJECT ADDED ENTRY--TOPICAL TERM
Topical Term NOVEL
Geographic subdivision UNITED KINGDOM
942 ## - ADDED ENTRY ELEMENTS (KOHA)
Koha item type Books
Holdings
Withdrawn status Lost status Collection code Home library Current library Shelving location Date acquired Source of acquisition Cost, normal purchase price Full call number Accession Number Koha item type
    Fiction Main Library Main Library SHELF-14-K- ALPHABETICAL- R --ENGLISH NOVELS & FICTIONS 06/07/2013 purchase 850.00 823 ROW/C 07145 Books